| 000 | 00761nam a2200229 a 4500 | ||
|---|---|---|---|
| 001 | 12983 | ||
| 003 | BD-JhCC | ||
| 005 | 20230610115614.0 | ||
| 008 | 230610s2020 bg a|||| |||| 000 0 ben d | ||
| 020 | _a9789849353584 | ||
| 035 | _a(BD-JhCC)12983 | ||
| 040 |
_aBD-JhCC _dBD-JhCC |
||
| 041 | _aben | ||
| 082 |
_a617.5 _bROY 2020 |
||
| 100 | _aরায়, ভবেশ | ||
| 245 |
_aরবোপিডিয়া / _cভবেশ রায় |
||
| 260 |
_aঢাকা : _bঅনুপম প্রকাশনী, _c২০২০ |
||
| 300 |
_a১৮৪ পৃ. : _bচিত্রাবলী সংযোজিত, _c২২ সেমি. |
||
| 504 | _aগ্রন্থপঞ্জি সংযোজিত, | ||
| 650 | _aRobotics | ||
| 942 |
_2ddc _cBK |
||
| 999 |
_c12983 _d12983 |
||